MyGZULibrary

An invitation to cultural psychology / (Record no. 222)

MARC details
000 -LEADER
fixed length control field 01276cam a22003617i 4500
001 - CONTROL NUMBER
control field 17908405
003 - CONTROL NUMBER IDENTIFIER
control field GZU
005 - DATE AND TIME OF LATEST TRANSACTION
control field 20200715092924.0
008 - FIXED-LENGTH DATA ELEMENTS--GENERAL INFORMATION
fixed length control field 131018s2014 caua b 001 0 eng d
010 ## - LIBRARY OF CONGRESS CONTROL NUMBER
LC control number 2013952465
020 ## - INTERNATIONAL STANDARD BOOK NUMBER
International Standard Book Number 1446248771
020 ## - INTERNATIONAL STANDARD BOOK NUMBER
International Standard Book Number 9781446248775
020 ## - INTERNATIONAL STANDARD BOOK NUMBER
International Standard Book Number 9781446248782 (pbk)
035 ## - SYSTEM CONTROL NUMBER
System control number (OCoLC)ocn884861738
040 ## - CATALOGING SOURCE
Original cataloging agency YDXCP
Language of cataloging eng
Transcribing agency YDXCP
Modifying agency CEF
-- OCLCO
-- LTSCA
-- OCLCQ
-- NAM
-- OCLCF
-- DLC
042 ## - AUTHENTICATION CODE
Authentication code lccopycat
050 00 - LIBRARY OF CONGRESS CALL NUMBER
Classification number BF731
Item number .VAL 2014
100 1# - MAIN ENTRY--PERSONAL NAME
Personal name Valsiner, Jaan.
Relator term author
245 13 - TITLE STATEMENT
Title An invitation to cultural psychology /
Statement of responsibility, etc. Jaan Valsiner.
264 #1 - PRODUCTION, PUBLICATION, DISTRIBUTION, MANUFACTURE, AND COPYRIGHT NOTICE
Place of production, publication, distribution, manufacture Los Angeles :
Name of producer, publisher, distributor, manufacturer Sage,
Date of production, publication, distribution, manufacture, or copyright notice 2014.
300 ## - PHYSICAL DESCRIPTION
Extent xiv, 290p. :
Other physical details illustrations ;
Dimensions 25 cm
336 ## - CONTENT TYPE
Content type term text
Content type code txt
Source rdacontent
337 ## - MEDIA TYPE
Media type term unmediated
Media type code n
Source rdamedia
338 ## - CARRIER TYPE
Carrier type term volume
Carrier type code nc
Source rdacarrier
500 ## - GENERAL NOTE
General note Includes bibliographical references (pages 261-284) and index.
504 ## - BIBLIOGRAPHY, ETC. NOTE
Bibliography, etc. note Includes bibliographical references (pages 261-284) and index.
650 #0 - SUBJECT ADDED ENTRY--TOPICAL TERM
Topical term or geographic name entry element Ethnopsychology.
650 #7 - SUBJECT ADDED ENTRY--TOPICAL TERM
Topical term or geographic name entry element Ethnopsychology.
Source of heading or term fast
Authority record control number or standard number (OCoLC)fst00916198
906 ## - LOCAL DATA ELEMENT F, LDF (RLIN)
a 7
b cbc
c copycat
d 2
e ncip
f 20
g y-gencatlg
942 ## - ADDED ENTRY ELEMENTS (KOHA)
Source of classification or shelving scheme Library of Congress Classification
Koha item type Books
Classification part 731
Item part VAL
Call number prefix BF
Holdings
Withdrawn status Lost status Damaged status Not for loan Collection code Home library Current library Shelving location Date acquired Source of acquisition Total Checkouts Full call number Barcode Date last seen Copy number Price effective from Koha item type
        Non-fiction City Campus Library City Campus Library General Stacks 01/12/2016 Book Aid International   BF731 VAL 2014 025486 07/15/2020 c. 1 07/15/2020 Books